HISTOLOGIA BASICA (Registro nro. 50673)
[ vista simple ]
| 000 -LEADER | |
|---|---|
| fixed length control field | 00901nam a2200205 a 4500 |
| 001 - CONTROL NUMBER | |
| control field | 50673 |
| 005 - DATE AND TIME OF LATEST TRANSACTION | |
| control field | 20180714035826.0 |
| 008 - FIXED-LENGTH DATA ELEMENTS--GENERAL INFORMATION | |
| fixed length control field | 140415s2006 sp 000 0 spa d |
| 020 ## - INTERNATIONAL STANDARD BOOK NUMBER | |
| International Standard Book Number | 8445814621 |
| 041 ## - LANGUAGE CODE | |
| Language code of text/sound track or separate title | spa |
| 082 ## - DEWEY DECIMAL CLASSIFICATION NUMBER | |
| Classification number | 611.0181 |
| Item number | JUN |
| 100 1# - MAIN ENTRY--PERSONAL NAME | |
| Personal name | JUNQUEIRA, L. C. |
| 245 10 - TITLE STATEMENT | |
| Title | HISTOLOGIA BASICA |
| 250 ## - EDITION STATEMENT | |
| Edition statement | 6a ed. |
| 260 ## - PUBLICATION, DISTRIBUTION, ETC. | |
| Place of publication, distribution, etc. | ESPAÑA : |
| Name of publisher, distributor, etc. | ELSEVIER, |
| Date of publication, distribution, etc. | 2006 |
| 300 ## - PHYSICAL DESCRIPTION | |
| Extent | 396 |
| Dimensions | 21 x 2.2 x 27 |
| 520 ## - SUMMARY, ETC. | |
| Summary, etc. | LA PRESENTE EDICIÓN SE HA ACTUALIZADO CON LOS HALLAZGOS MÁS RECIENTES EN EL CAMPO DE LA BIOLOGÍA CELULAR Y MOLECULAR, Y MANTIENE UN FORMATO ADECUADO Y PRÁCTICO PARA LOS ESTUDIANTES. ESTE ES IGUALMENTE EXQUISITA, DE GRAN BELLEZA CROMÁTICA Y DE GRAN VALOR DOCUMENTAL, IDEAL PARA ENTENDER EL TEXTO Y PARA PREPARAR EXAMENS DE TIPO PRÁCTICO, ES DECIR, DE RECONOCIMIENTO DE MUESTRAS HISTOLÓGICAS. |
| 650 14 - SUBJECT ADDED ENTRY--TOPICAL TERM | |
| Topical term or geographic name entry element | HISTOLOGIA |
| 700 1# - ADDED ENTRY--PERSONAL NAME | |
| Personal name | CARNEIRO, JOSE |
| Relator term | coaut. |
| Withdrawn status | Lost status | Source of classification or shelving scheme | Damaged status | Not for loan | Collection code | Home library | Current library | Shelving location | Date acquired | Source of acquisition | Inventory number | Total Checkouts | Full call number | Barcode | Date last seen | Price effective from | Koha item type | Date last checked out |
|---|---|---|---|---|---|---|---|---|---|---|---|---|---|---|---|---|---|---|
| Dewey Decimal Classification | General | Biblioteca Karol Wojtyla | Biblioteca Karol Wojtyla | Sala general | 03/12/2013 | Compra | 151000000000000000005162 | 611.0181 JUN 2006 | 76762 | 11/02/2026 | 08/03/2016 | Reserva permanente | ||||||
| Extraviado | Dewey Decimal Classification | Biblioteca Karol Wojtyla | Biblioteca Karol Wojtyla | 03/12/2013 | Compra | 611.0181 JUN | 75661 | 03/12/2013 | Libro | |||||||||
| Dewey Decimal Classification | General | Biblioteca Karol Wojtyla | Biblioteca Karol Wojtyla | Sala general | 03/12/2013 | Compra | 151000000000000000005163 | 1 | 611.0181 JUN 2006 | 76761 | 18/03/2026 | 08/03/2016 | Reserva permanente | 10/09/2024 |